00713nam a2200241 a 4500001001300000003000900013005001700022008004100039020002300080082001300103100001600116245004300132260003800175300000900213500003500222505001800257650001900275700001600294902000800310942000700318952012900325999001700454nice12345678IN_TiNIC20260116014847.0090929s2009 dela grp 000 0 eng  a9788178357249c67500a295bIYE aIyer, Meena aFaith and Philosophy of Zoroasrtianism aDelhibKalpaz Publications c2009 a359p aincludes index and biblioraphy2 abiblio, index aZoroastrianism1 aIyer, Meena bSRS cBK 001040708StackRoom-aHMIbHMId2009-09-29g675.00l2m1o295 IYEp022895r2022-09-01s2019-08-08v675.00w2009-09-29yBK c17307d17307